Historia particular de la persecucion de Inglaterra y de los martirios mas insignes que en ella a auido, desde el año del Señor 1570 (Record no. 168064)

MARC details
000 -LEADER
campo de control de longitud fija 01635nam a2200265 i 4500
001 - NÚMERO DE CONTROL
campo de control 168064
003 - IDENTIFICADOR DE NÚMERO DE CONTROL
campo de control ES-MaACL
005 - FECHA Y HORA DE LA ÚLTIMA TRANSACCIÓN
campo de control 20240215152719.0
008 - DATOS DE LONGITUD FIJA--INFORMACIÓN GENERAL
campo de control de longitud fija 940826s1599 sp |||| | spa d
040 ## - FUENTE DE CATALOGACIÓN
Centro catalogador/agencia de origen CYL
Lengua de catalogación spa
Centro/agencia transcriptor CYL
100 0# - ENTRADA PRINCIPAL--NOMBRE DE PERSONA
Nombre de persona Diego de Yepes.
9 (RLIN) 44563
245 10 - MENCIÓN DEL TÍTULO
Título Historia particular de la persecucion de Inglaterra y de los martirios mas insignes que en ella a auido, desde el año del Señor 1570
Resto del título : en la qual se descubren los efectos lastimosos de la heregia y las mudanças que suele causar en las Republicas ... /
Mención de responsabilidad, etc. recogidas por el Padre Fray Diego de Yepes ... Obispo de Taraçona ...
260 ## - PUBLICACIÓN, DISTRIBUCIÓN, ETC.
Lugar de publicación, distribución, etc. En Madrid :
Nombre del editor, distribuidor, etc. por Luis Sanchez,
Fecha de publicación, distribución, etc. 1599.
300 ## - DESCRIPCIÓN FÍSICA
Extensión [16], 894 [i.e. 864], [24] p. ;
Dimensiones 4º.
510 ## - NOTA DE CITAS O REFERENCIAS BIBLIOGRÁFICAS
Nombre de la fuente CCBE S. XVI,
Localización dentro de la fuente Y, 24
530 ## - NOTA DISPONIBLE DE FORMULARIO FÍSICO ADICIONAL
Nota de formato físico adicional disponible Disponible en formato digital.
596 ## - NOTA AL PIE DE IMPRENTA
NOTA AL PIE DE IMPRENTA Colofón en v. de port. y al final del texto.
597 ## - NOTA DE DESCRIPCIÓN FÍSICA
NOTA DE DESCRIPCIÓN FÍSICA Sign.: ¶8, A-Z8, Aa-Zz8, Aaa-Iii8, Kkk4.
597 ## - NOTA DE DESCRIPCIÓN FÍSICA
NOTA DE DESCRIPCIÓN FÍSICA Error de pág., de p. 272 pasa a 277, de p. 389 a 400, de p. 575 a 578, de p. 672 a 677 y de p. 792 a 803.
650 #4 - PUNTO DE ACCESO ADICIONAL DE MATERIA--TÉRMINO DE MATERIA
Término de materia o nombre geográfico como elemento de entrada Persecuciones religiosas-
Subdivisión geográfica Gran Bretaña.
9 (RLIN) 140889
852 ## - LOCALIZACIÓN
Ubicación ES-MaACL
Número de control de estantería R-3366
itemnumber 174554
Signatura antigua Olim: G-1588
Nota libre Cotejado con la relación de obras recuperadas expediente Robo
-- Cambio de signatura. Datos tomados del fichero topográfico R
condición física Falto de la h. 3K4
Encuadernación Encuadernación en pergamino
Donativo/Legado Anot. ms. de la donación del libro al convento de S. Gabriel por Gaspar Fernandez
Anotaciones manuscritas Ex-libris ms. de Fr. Andrés de Sta. María
856 ## - LOCALIZACIÓN Y ACCESO ELECTRÓNICOS
Identificador Uniforme de Recursos <a href="http://bdh-rd.bne.es/viewer.vm?id=0000007342&page=1 ">http://bdh-rd.bne.es/viewer.vm?id=0000007342&page=1 </a>
Nota pública Biblioteca Digital Hispánica
942 ## - ELEMENTOS DE ENTRADA SECUNDARIOS (KOHA)
Fuente del sistema de clasificación o colocación Clasificación decimal universal
Holdings
Estatus retirado Estado de pérdida Estado de daño No para préstamo Colección Biblioteca de origen Biblioteca actual Ubicación en estantería Fecha de adquisición Fuente de adquisición Total de préstamos Signatura topográfica completa Código de barras Visto por última vez Precio de reemplazo Tipo de ítem Koha
        Colección digital Biblioteca del Ateneo de Madrid Biblioteca del Ateneo de Madrid Depósito 17/01/2008     R-3366 1176319 23/02/2023 23/02/2023 Libro impreso antiguo